000 02882nam a2200493 i 4500
001 195681
003 SpMaBN
005 20250822054123.0
007 ta
008 240703s2006 sp | ||| ||spa
016 7 _abimoBNE20070381305
_2SpMaBN
017 _aM 52149-2006
_bOficina Depósito Legal Madrid
020 _a9788498440362 Fundación Mapfre
020 _a849844036X Fundación Mapfre
020 _a9788497440578 Doce Calles
020 _a8497440579 Doce Calles
035 _a(OCoLC)85536113
035 _abimo0002399760
040 _aSpMaBN
_bspa
_cSpMaBN
_erdc
_dES-MaACL
080 _a94(72)"1810/21"(093)
245 0 4 _aLos discursos opuestos sobre la independencia de la Nueva España /
_cintroducción y selección documental, Jaime Olveda.
260 _aMadrid :
_bFundación Mapfre, Instituto de Cultura ;
_aAranjuez (Madrid) :
_bDoce Calles,
_c[2006]
300 _a148 p. :
_bil. ;
_c21 cm
336 _2rdacontent
_atexto
337 _2rdamedia
_asin mediación
338 _2rdacarrier
_avolumen
490 1 _aPublicaciones del programa "Iberoamérica: 200 años de convivencia independiente"
_v17
490 1 _aPrisma histórico
_v7
500 _aCatalogación provisional. N-10097. Depósito J
504 _aBibliografía: p. [147]-148
520 _aLa historiografía de los últimos años ha puesto de manifiesto que las comunidades se imaginan, las tradiciones se inventan, que no hay nación sin nacionalismo. Desde esta perspectiva, el análisis de los discursos a través de los cuales, en los procesos históricos de esa naturaleza, se legitima o rechaza el sentido de un Estado-nación determinado, constituye un ejercicio imprescindible para desentrañar el origen y las características de esos proyectos colectivos. Entre 1810 y 1821 la Nueva España transitó del virreinato a la república. Los textos que, en relación a esa decisiva transformación, se recuperan en esta séptima entrega de la colección Prisma Histórico constituyen un revelador testimonio de la forma en que se llevó a cabo este proceso.
651 7 _aMéxico
_xHistoria
_y1810-1821 (Guerra de la Independencia)
_vFuentes
_2embne
_9237341
700 1 _aOlveda, Jaime
_9237342
_eedt
830 _aPublicaciones del programa "Iberoamérica: 200 años de convivencia independiente" ;
_9237343
_v17
830 0 _aPrisma histórico: viejos documentos, nuevas lecturas
_v7
_9237346
852 _aES-MaACL
_cDEPOJ
_jN-10097
_hDonación: Milagros López Salvador
_9203861
_zEn proceso
_xEncuadernación cartoné
903 _9237348
_aLópez Salvador, Milagros
_ednr
942 _n0
_cMONOGRAFIA
999 _c195681
_d195681